000 01552nam a2200373 a 4500
001 000020382
003 DO-SdBNP
005 20180309112633.0
007 000020382
008 150130s2012 dr ac 000 0 spa d
020 _a9789945116335
040 _aBPMSU
_bspa
_cBPMSU
092 _a372.7
_bS237m, 4to 2012
100 1 _aSantos, Altagracia
245 1 0 _aMatemáticas 4 :
_beducación básica /
_cAltagracia Santos; Andrés Molina Moloon
260 _aSanto Domingo :
_bSantillana,
_c2012
300 _a2v. :
_bil., retrs.
_c30 cm. +
_eCD-ROM
490 1 _aInnova
505 0 _gv.1.-
_tNúmeros hasta el millón --
_tOperaciones aritméticas 1 --
_tOperaciones aritméticas 2 --
_tFracciones --
_tLos números decimales --
_tVariación proporcional --
_tLongitud y perímetro --
_tLíneas y ángulos --
_tFiguras y cuerpos --
_tSimetría. Movimientos --
_tMedidas estadística --
505 0 _gv.2.-
_tGuía recursos didácticos para el profesorado.
650 4 _aMATEMÁTICAS
_xENSEÑANZA BÁSICA
650 4 _aMATEMÁTICAS
_xENSEÑANZA ELEMENTAL
650 4 _aEDUCACIÓN PRIMARIA
_zREPÚBLICA DOMINICANA
650 4 _aMATEMÁTICAS
_xLIBROS DE TEXTOS
650 4 _aMATEMÁTICAS
_xESTUDIOS Y EJERCICIOS
700 _aMolina Moloon, Andrés
830 0 _aInnova
910 _aValidado. Control de calidad MFF
942 _2ddc
_cBK
945 _aRemanejado para BNPHU / 2018 BT
956 _aDGARCIA
_b10
_c20150702
_lBND01
_h0937
956 _aYLOCKWARD
_b10
_c20150703
_lBND01
_h0946
956 _aVMATEO
_b10
_c20150707
_lBPMSU
_h00151
999 _c9462
_d9462